LIBRARY & INFORMATION CENTRE, KCAET, TAVANUR

ONLINE PUBLIC ACCESS CATALOGUE (OPAC)

Modern Geographies / (Record no. 778)

MARC details
000 -LEADER
fixed length control field 00357cam a2200157ua 4500
041 ## - LANGUAGE CODE
Language code of text/sound track or separate title eng
082 ## - DEWEY DECIMAL CLASSIFICATION NUMBER
Classification number 910
Item number HER/MO
100 ## - MAIN ENTRY--AUTHOR NAME
Personal name Herdman, T .
245 ## - TITLE STATEMENT
Title Modern Geographies /
260 ## - PUBLICATION, DISTRIBUTION, ETC. (IMPRINT)
Place of publication :
Name of publisher Longman ,
Year of publication 1957.
300 ## - PHYSICAL DESCRIPTION
Number of Pages 675 ; .
700 1# - ADDED ENTRY--PERSONAL NAME
Personal name Hurworth, A .
942 ## - ADDED ENTRY ELEMENTS (KOHA)
Koha item type Books
Holdings
Withdrawn status Lost status Damaged status Home library Current library Date acquired Full call number Accession Number Koha item type
Withdrawn     KAUAET Malayalam University 07/04/2012 910 4775 Books
free website counter